MARC

LEADER 00000nam0a2200000 4500
001 290246
005 20231102000251.0
035 |a (RuTPU)RU\TPU\book\314794 
090 |a 290246 
100 |a 20150404d1983 m y0rusy5003 ca 
101 0 |a rus 
102 |a UZ 
105 |a y z 001zy 
200 1 |a Моделирование и разработка информационных систем  |e сборник научных трудов  |f Ташкентский политехнический институт им. А. Б. Беруни (ТашПИ) ; под ред. Н. Р. Юсупбекова 
210 |a Ташкент  |c Изд-во ТашПИ  |d 1983 
215 |a 80 с. 
320 |a Библиогр. в конце ст. 
606 1 |a Информационные системы  |x Проектирование  |2 stltpush  |3 (RuTPU)RU\TPU\subj\12945  |9 39643 
610 1 |a информационная техника 
610 1 |a моделирование 
610 1 |a управление 
610 1 |a тонкие пленки 
610 1 |a алгебраические модели 
610 1 |a случайные сигналы 
610 1 |a магнитные диски 
610 1 |a ЭВМ 
610 1 |a научные труды 
675 |a 621.391.001  |v 3 
702 1 |a Юсупбеков  |b Н. Р.  |g Надырбек Рустамбекович  |4 340 
712 0 2 |a Ташкентский политехнический институт им. А. Б. Беруни (ТашПИ)  |2 stltpush  |3 (RuTPU)RU\TPU\col\6741 
801 0 |a RU  |b RuMRKP  |c 19950704  |g psbo 
801 1 |a RU  |b 63413507  |c 20150404 
801 2 |a RU  |b 63413507  |c 20160905  |g RCR 
942 |c BK